First Names of Current Tennis Players - Statistics

General Stats
  • This quiz has been taken 161 times
  • The average score is 19 of 24
Answer Stats
First Name Surname % Correct
Novak Djokovic
99%
Carlos Alcaraz
96%
Coco Gauff
92%
Jannik Sinner
92%
Daniil Medvedev
91%
Iga Świątek
91%
Alexander Zverev
89%
Taylor Fritz
89%
Casper Ruud
87%
Stefanos Tsitsipas
86%
Holger Rune
85%
Aryna Sabalenka
83%
Jessica Pegula
81%
Madison Keys
78%
Ons Jabeur
78%
Maria Sakkari
76%
Elena Rybakina
75%
Hubert Hurkacz
75%
Ugo Humbert
74%
Nicolás Jarry
68%
Jasmine Paolini
66%
Danielle Collins
58%
Markéta Vondroušová
51%
Beatriz Haddad Maia
48%
No matching quizzes found
Score Distribution
Percent of People with Each Score
Percentile by Number Answered
Your Score History
You have not taken this quiz